| LEADER | 00725cam a2200229 7i4500 | ||
|---|---|---|---|
| 001 | 0000036590 | ||
| 005 | 20210317090000.0 | ||
| 007 | ##ta | ||
| 008 | 210317s2021 my eng | ||
| 020 | # | # | |a 9789677014625 |
| 040 | # | # | |a MATR |
| 090 | 0 | 0 | |a T 382.7 |b MAL (M) |
| 245 | 0 | 0 | |a THE MALAYSIAN TRADE CLASSIFICATION AND CUSTOMS DUTIES ORDER : |b ALL AMENDMENTS UP TO 1 MARCH 2020. |
| 264 | # | 4 | |a ♭. |
| 264 | # | 0 | |a Kuala Lumpur: |b MDC Publishers, |c 2020. |
| 300 | # | # | |a 1216, pages; |c 19 cm. |
| 336 | # | # | |a text |2 rdacontent |
| 337 | # | # | |a unmediated |2 rdamedia |
| 338 | # | # | |a volume |2 rdacarrier |
| 504 | # | # | |a Includes bibliographical references and index |
| 650 | # | 0 | |a Tariff -- |z Malaysia |
| 999 | |a B000041325 |b Book |c Tariffs |e Business Information Centre | ||